00330 2200133 4500001002100000005001500021035002000036245004600056100001400102260003600116082000800152084001400160990002200174INLIS00000000000246720250604105406 a0010-06250000531 aMencari Pencuri Anak Perawan /cSumam HS.0 aSumam HS. aJakarta :bBalai Pustaka,c2000 a800 a800 SUM m a000106 s/d 000108